The Contract Act, 1872 (IX of 1872) / (Record no. 540984)
[ view plain ]
| 000 -LEADER | |
|---|---|
| fixed length control field | 00367nam a22001217a 4500 |
| 082 ## - DEWEY DECIMAL CLASSIFICATION NUMBER | |
| Classification number | 347.409549 |
| 100 ## - MAIN ENTRY--PERSONAL NAME | |
| Personal name | Malik, Amna Bakhtiar |
| 245 ## - TITLE STATEMENT | |
| Title | The Contract Act, 1872 (IX of 1872) / |
| Statement of responsibility, etc. | Amna Bakhtiar Malik |
| 260 ## - PUBLICATION, DISTRIBUTION, ETC. | |
| Place of publication, distribution, etc. | Lahore : |
| Name of publisher, distributor, etc. | Irfan Law Book House, |
| Date of publication, distribution, etc. | 2019. |
| 300 ## - PHYSICAL DESCRIPTION | |
| Extent | 594 p. ; |
| Dimensions | 24cm. |
| 942 ## - ADDED ENTRY ELEMENTS (KOHA) | |
| Source of classification or shelving scheme | |
| Koha item type | Book |
| Withdrawn status | Lost status | Source of classification or shelving scheme | Damaged status | Not for loan | Permanent Location | Current Location | Shelving location | Date acquired | Source of acquisition | Total Checkouts | Full call number | Barcode | Checked out | Date last seen | Date last checked out | Price effective from | Koha item type |
|---|---|---|---|---|---|---|---|---|---|---|---|---|---|---|---|---|---|
| NUST Law School (NLS) | NUST Law School (NLS) | Law | 11/13/2020 | Multi-line Books | 2 | 347.409549 MAL | CL-446 | 01/22/2026 | 12/23/2025 | 12/23/2025 | 11/13/2020 | Book |
